00000000cam 2200000zi 4500
0019.958381
003CaOODSP
00520260605112705
006m     o  d f      
007cr cn|||||||||
008251218e202512##onc     o    f000 0 fre d
020 |a9780660977577
040 |aCaOODSP|bfre|erda|cCaOODSP
043 |an-cn---
045 |ay2y2
0861 |aP114-42/2026F-PDF
24500|aRapport de suivi de l'examen des pratiques d'approvisionnement 2021-2022 d'Innovation, sciences et développement économique Canada / |cBureau de l'ombud de l'approvisionnement.
264 1|aOttawa, ON : |bGouvernement du Canada, Bureau de l'ombud de l'approvisionnement = Government of Canada, Office of the Procurement Ombud, |cdécembre 2025.
300 |a1 ressource en ligne (23 pages)
336 |atexte|btxt|2rdacontent/fre
337 |ainformatique|bc|2rdamedia/fre
338 |aressource en ligne|bcr|2rdacarrier/fre
500 |aPublié aussi en anglais sous le titre : Follow-up report to the 2021-2022 procurement practice review of Innovation, Science, and Economic Development Canada.
61016|aCanada. |bInnovation, sciences et développement économique Canada|xApprovisionnement|xÉvaluation.
7101 |aCanada. |bBureau de l'ombud de l'approvisionnement, |eorganisme de publication.
77508|tFollow-up report to the 2021-2022 procurement practice review of Innovation, Science, and Economic Development Canada / |w(CaOODSP)9.958380
85640|qPDF|s552 Ko|uhttps://publications.gc.ca/collections/collection_2026/spac-pspc/P114-42-2026-fra.pdf
8564 |qHTML|sS.O.|uhttps://opo-boa.gc.ca/praapp-prorev/2026/suivi-followup-sdec-sedc-fra.html